| 000 | 00674npc a2200205Ia 4500 | ||
|---|---|---|---|
| 001 | dg57-27833 [d000003175] | ||
| 003 | IT-MiCISF | ||
| 008 | 161014s9999||||xx | und|| | ||
| 040 |
_aIT-MiCISF _cIT-MiCISF |
||
| 041 | _ait | ||
| 100 | _aBazzari Angelo (a cura di) | ||
| 245 | 0 |
_aNon è solo droga... _bFamiglia, scuola, società insieme per la prevenzione del disagio giovanile |
|
| 250 | _a1a ed. | ||
| 260 |
_a Milano _bCaritas ambrosiana _c1990 |
||
| 300 | _app. 104 | ||
| 500 | _a / tossicodipendenza, prevenzione, chiesa, famiglia, comunità-terapeutica, indirizzi / | ||
| 650 | _aemarginazione-devianza | ||
| 942 | _cDD | ||
| 957 | _71 | ||
| 999 |
_a27833 _bsi _g1 _c207355 _d207355 |
||